Normal view
MARC view
- مناهج واساليب تدريس الاجتماعيات
Entry Topical Term
001 - CONTROL NUMBER
- control field: 57604
003 - CONTROL NUMBER IDENTIFIER
- control field: JO-AjAnu
005 - DATE AND TIME OF LATEST TRANSACTION
- control field: 20230606083430.0
008 - FIXED-LENGTH DATA ELEMENTS
- fixed length control field: 230606|| aca||aabn | a|a d
040 ## - CATALOGING SOURCE
- Original cataloging agency: JO-AjAnu
- Transcribing agency: JO-AjAnu
150 ## - HEADING--TOPICAL TERM
- Topical term or geographic name entry element: مناهج واساليب تدريس الاجتماعيات
670 ## - SOURCE DATA FOUND
- Source citation: Work cat.: (JO-AjAnu)29392: اعداد محمد، عدنان جاسم؛ اشراف احمد حسن القضاة, author 57603, اثر استخدام استراتيجية تدريسية مقترحة قائمة على التفكير الانتقائي في اكساب طلاب الصف الرابع الاعدادي: المفاهيم التاريخية في محافظة كركوك=The Effect of using proposed teaching strategy based on the selective thinking on the fourth preparatory grades learners acguiring historical concepts in kirkuk